000 00266nam a2200109Ia 4500
008 190914s9999||||xx |||||||||||||| ||und||
100 _aDr.Zafar Ahmad
245 0 _aPhysics With Solved Model Papers
260 _aIndia
_bS. Chand
_c2005
300 _a378
942 _cBK
999 _c10109
_d10109